Central Library OPAC University of Rajshahi

আরবী সাহিত্য প্রতিভা / (Record no. 47931)

MARC details
000 -LEADER
fixed length control field 00820nam a2200229 a 4500
001 - CONTROL NUMBER
control field 47931
003 - CONTROL NUMBER IDENTIFIER
rucl marc code BD-RjUL
005 - DATE AND TIME OF LATEST TRANSACTION
control field 20211209054427.0
008 - FIXED-LENGTH DATA ELEMENTS--GENERAL INFORMATION
fixed length control field 160811s2009 bg ||||| |||| 00| 0 ben d
020 ## - INTERNATIONAL STANDARD BOOK NUMBER
Terms of availability : Tk.180.00
035 ## - SYSTEM CONTROL NUMBER
System control number (BD-RjUL)48050
040 ## - CATALOGING SOURCE
Original cataloging agency BD-RjUL
Language of cataloging ben
Transcribing agency BD-RjUL
041 ## - LANGUAGE CODE
Language code of text/sound track or separate title ben
082 ## - DEWEY DECIMAL CLASSIFICATION NUMBER
Edition number 23
Classification number 892.709
Author mark and year SAA 2009
100 1# - MAIN ENTRY--PERSONAL NAME
Personal name ছালাম, এস. এম. আব্দুছ
9 (RLIN) 145455
245 10 - TITLE STATEMENT
Title আরবী সাহিত্য প্রতিভা /
Statement of responsibility, etc. এস. এম. আব্দুছ ছালাম,
260 ## - PUBLICATION, DISTRIBUTION, ETC. (IMPRINT)
Place of publication, distribution, etc. রাজশাহী :
Name of publisher, distributor, etc. ছালেহা প্রকাশনী,
Date of publication, distribution, etc. ২০০৯
300 ## - PHYSICAL DESCRIPTION
Pagination ২৩২ পৃ. ;
Size ২০ সেমি.
650 ## - SUBJECT ADDED ENTRY--TOPICAL TERM
Topical term or geographic name as entry element আরবী সহিত্য
9 (RLIN) 145447
Topical term or geographic name as entry element Arabic literature
9 (RLIN) 145456
942 ## - ADDED ENTRY ELEMENTS (KOHA)
Source of classification or shelving scheme Dewey Decimal Classification
Koha item type Books
Holdings
Lost status Source of classification or shelving scheme Damaged status Not for loan Collection code Permanent Location Current Location Shelving location Date acquired Source of acquisition Cost, normal purchase price Total Checkouts Full call number Date last seen Copy number Koha item type Total Renewals Date checked out
  Dewey Decimal Classification     Non-fiction Central Library, University of Rajshahi Central Library, University of Rajshahi   28/04/2010 Library, Rajshahi 220.00   B 892.709 SAA 2009 11/08/2016 C-2 Books    
  Dewey Decimal Classification     Non-fiction Central Library, University of Rajshahi Central Library, University of Rajshahi   28/04/2010 Library, Rajshahi 220.00 3 B 892.709 SAA 2009 15/12/2021 C-3 Books   15/12/2021
  Dewey Decimal Classification     Non-fiction Central Library, University of Rajshahi Central Library, University of Rajshahi   13/05/2010 Salaha prokasoni, Rajshahi.   2 B 892.709 SAA 2009 07/11/2024 C-4 Books   28/03/2024
  Dewey Decimal Classification     Non-fiction Central Library, University of Rajshahi Central Library, University of Rajshahi   13/05/2010 Library, Rajshahi. 220.00   B 892.709 SAA 2009 01/11/2016 C-5 Books    
  Dewey Decimal Classification   Not For Loan Non-fiction Central Library, University of Rajshahi Central Library, University of Rajshahi Reading Room 28/04/2010 gronthosomver 220.00   B 892.709 SAA 2009 31/01/2017 C-1 Books    
  Dewey Decimal Classification     Non-fiction Central Library, University of Rajshahi Central Library, University of Rajshahi   28/04/2010 gronthosomver 220.00   B 892.709 SAA 2009 31/01/2017 C-6 Books